Word Ladder: A Bone to Pick Quiz Stats

Quiz Updated Jan 15, 2014

Challenge
Share
Tweet
Embed
Score 0/84 Timer 09:00
0 Plays Today
Hint Answer % Correct
Brother of AbelCAIN
92%
End of a droughtRAIN
90.6%
Long bones found in the chestRIBS
88.6%
50%HALF
87.1%
Mars and Snickers, e.g.BARS
86.9%
FX series: Nip/____TUCK
85.9%
MisplaceLOSE
85.6%
ConsumesEATS
85.4%
____ and socket jointBALL
84.8%
Skull localeHEAD
84.4%
Vertebrae localeBACK
84.4%
Dance, painting, sculpture, etc.ARTS
83.9%
Femora and patellae localesLEGS
83.9%
Concert venueHALL
83.1%
Radii and ulnae localesARMS
82.6%
Sound a seal makesBARK
82.4%
Hammer's targetNAIL
82%
Carpal bones localeHAND
81.9%
Win's oppositeLOSS
81.8%
Prepare saladTOSS
81.7%
MassagesRUBS
81.6%
Fibula localeCALF
81.4%
Hourly payWAGE
81.1%
Tail movementsWAGS
80.6%
Mallei and stapes localesEARS
80.6%
Granola ingredientOATS
80.3%
Falls behindLAGS
79.9%
Organ protected by the ribsLUNG
79%
Hint Answer % Correct
Bony frame formed by ribsCAGE
78%
Ring upCALL
77%
Pack of camelsHERD
76.8%
ArrivedCAME
76.7%
IsolatedLONE
75%
Heavy metalLEAD
74%
Oil-drilling machinesRIGS
73.6%
Starbucks sizeTALL
73.4%
Descriptive word for boneHARD
73.4%
Certain Jonas brotherNICK
72.9%
Coccyx: vestigial ____boneTAIL
72.8%
Type of bone (e.g. clavicle)LONG
71.4%
Hyoid localeNECK
71.1%
MeadowsLEAS
71.1%
Tibia localeSHIN
70.7%
Certain phalanges' localesTOES
70.5%
Symbol meaning 'done'TICK
70.4%
Soothing ointmentBALM
68.6%
Cuneiform bone localesFEET
68%
Table leftoversORTS
67.8%
'The Divine Comedy' settingHELL
67.1%
Placed in the LouvreHUNG
67.1%
Attention-seeking gestureBECK
66.7%
Mental prominence: ____CHIN
66.3%
Osteoblast: type of bone ____CELL
65.9%
Epic accomplishmentFEAT
65.2%
Word before out or upHANG
65%
Ethmoid bone localeNOSE
64%
Hint Answer % Correct
Calcaneus localeHEEL
63.8%
Elongated tooth in a narwhalTUSK
63.2%
ChristmastimeNO√čL
62.9%
Metacarpals localePALM
62.4%
Janitor's supplyRAGS
62%
PerceiveFEEL
61.2%
RejectionsNOES
60.6%
Rain or shine precederCOME
59.7%
To become one, as bones doFUSE
59.6%
[first rung] and ____, very thinBONE
59.5%
Salvation Army collectionALMS
59.4%
Muslim chief or head of stateRAIS
58.9%
Shred of wool or silkNOIL
57.1%
Custard dessertFLAN
57%
Ominous cloudPALL
55.5%
Type of bone (e.g. parietal)FLAT
51.4%
Something to kick upFUSS
51.1%
____ and [last rung], very thinSKIN
50.4%
Kind of ox or deerMUSK
50.2%
CheatsFUBS
48.5%
Mathematician TuringALAN
47.8%
Expression of pityALAS
45.4%
Cancerous bone growthNODE
44.8%
Euterpe or PolyhymnniaMUSE
44.1%
ForeshadowBODE
39.1%
Pig Latin, e.g.CODE
38.3%
'Juno' screenwriter, DiabloCODY
33.6%
Gladiolus: ____ of the sternumBODY
29.1%

Today's Daily Dose

You're not logged in!

Compare scores with friends on all Sporcle quizzes.
Sign Up with Email
OR
Log In

You Might Also Like...

Show Comments

Extras

Top Quizzes Today


Score Distribution

Your Account Isn't Verified!

In order to create a playlist on Sporcle, you need to verify the email address you used during registration. Go to your Sporcle Settings to finish the process.